|
|
แสดงรายละเอียดบรรณานุกรม |
|
|
Brief Record
: Get Marc (ISO 2709)
: E-mail record
: |
|
|
| LEADER 00000nama 2200000uu 4500 | |||
| 001 204486 | |||
| 003 ULIBM | |||
| 008 040531s|||| th m m a000 0 tha d | |||
| 041 tha | |||
| 050 WT 500 ร924 2553. | |||
| 100 เทพสรรค์ สีอร่ามรุ่งเรือง. | |||
| 245 โรคเรื้อรังทางอายุรกรรม 2 การประชุมวิชาการ = Internal Medicine Day 8 มิถุนายน 2553/เทพสรรค์ สีอร่ามรุ่งเรือง,เศกสรรค์ ชัยสุขสันต์และปาริชาต พงษ์ไทย. | |||
| 260 ขอนแก่น. ขอนแก่นการพิมพ์. 2553. | |||
| 300 184 หน้า. | |||
| 600 1.โรงพยาบาลขอนแก่น - - กลุ่มงานอายุรกรรม. | |||
| 650 1.โรคเรื้อรัง - - การรักษา. 2.ผู้ป่วยโรคเรื้อรัง - - การดูแล. | |||
| 995 001 | |||
| คุณยังไม่ได้ล็อกอิน คุณสามารถมีกิจกรรมร่วมกับเว็บไซต์ได้ แต่ต้องล็อกอินก่อน :: |
|
| สถานะ | |||||||||
| 1. | หนังสือทั่วไป | WT 500 ร924 2553 ฉ.3 | On Shelf ขอยืม | ||||||
| 2. | หนังสือทั่วไป | WT 500 ร924 2553. | On Shelf ขอยืม | ||||||
| 3. | หนังสือทั่วไป | WT 500 ร924 2553. | On Shelf ขอยืม | ||||||
| [แสดง 3/3 รายการ] | |||||||||
BibComment |
| คอมเมนท์ทรัพยากรรายการนี้ |
|
|